As possessões portuguezas na Oceania / (Record no. 42650)

MARC details
000 -LEADER
campo de control de longitud fija 01320nam a2200349 i 4500
001 - NÚMERO DE CONTROL
campo de control 42650
003 - IDENTIFICADOR DE NÚMERO DE CONTROL
campo de control ES-MaACL
005 - FECHA Y HORA DE LA ÚLTIMA TRANSACCIÓN
campo de control 20250905063039.0
007 - CAMPO FIJO DE DESCRIPCIÓN FÍSICA--INFORMACIÓN GENERAL
campo de control de longitud fija t|
008 - DATOS DE LONGITUD FIJA--INFORMACIÓN GENERAL
campo de control de longitud fija 030313e1867 po ab|||r 10110|por d
040 ## - FUENTE DE CATALOGACIÓN
Centro catalogador/agencia de origen SpMaBN
Lengua de catalogación spa
Centro/agencia transcriptor ES-MaACL
080 ## - NÚMERO DE LA CLASIFICACIÓN DECIMAL UNIVERSAL
Número de la Clasificación Decimal Universal 325(469:9)
080 ## - NÚMERO DE LA CLASIFICACIÓN DECIMAL UNIVERSAL
Número de la Clasificación Decimal Universal 94(469)"1385/1580"
080 ## - NÚMERO DE LA CLASIFICACIÓN DECIMAL UNIVERSAL
Número de la Clasificación Decimal Universal 94(594.75)
100 1# - ENTRADA PRINCIPAL--NOMBRE DE PERSONA
Nombre de persona Castro, Affonso de
Término indicativo de función/relación Autor
9 (RLIN) 168490
245 13 - MENCIÓN DEL TÍTULO
Título As possessões portuguezas na Oceania /
Mención de responsabilidad, etc. por Affonso de Castro
260 ## - PUBLICACIÓN, DISTRIBUCIÓN, ETC.
Lugar de publicación, distribución, etc. Lisboa :
Nombre del editor, distribuidor, etc. [s.n.],
Fecha de publicación, distribución, etc. 1867
Fabricante (Imprensa Nacional)
300 ## - DESCRIPCIÓN FÍSICA
Extensión [2], [I]-XXI, 460 páginas :
Otras características físicas ilustraciones, mapas (blanco y negro) ;
Dimensiones 22 cm
500 ## - NOTA GENERAL
Nota general Índice
530 ## - NOTA DISPONIBLE DE FORMULARIO FÍSICO ADICIONAL
Nota de formato físico adicional disponible Disponible en formato digital
651 #4 - PUNTO DE ACCESO ADICIONAL DE MATERIA--NOMBRE GEOGRÁFICO
Nombre geográfico Portugal-
Subdivisión general Colonias-
Subdivisión geográfica Oceanía
9 (RLIN) 242220
651 #4 - PUNTO DE ACCESO ADICIONAL DE MATERIA--NOMBRE GEOGRÁFICO
Nombre geográfico Portugal-
Subdivisión general Historia-
Subdivisión cronológica 1385-1580, Época de los descubrimientos
9 (RLIN) 168875
651 #7 - PUNTO DE ACCESO ADICIONAL DE MATERIA--NOMBRE GEOGRÁFICO
Nombre geográfico Timor-Leste-
Subdivisión general Historia
9 (RLIN) 172069
710 2# - ENTRADA AGREGADA--NOMBRE DE ENTIDAD CORPORATIVA
Nombre de entidad corporativa o nombre de jurisdicción como elemento de entrada Imprensa Nacional (Lisboa)
Término indicativo de función/relación Impresor
9 (RLIN) 242221
752 ## - ENTRADA AGREGADA--NOMBRE JERÁRQUICO DEL LUGAR
País o entidad superior Portugal -
Ciudad Lisboa
852 4# - LOCALIZACIÓN
Ubicación ES-MaACL
Ubicación en estantería Sala Pecera Planta 3
Número de control de estantería G-9106
856 4# - LOCALIZACIÓN Y ACCESO ELECTRÓNICOS
Identificador Uniforme de Recursos <a href="http://hdl.loc.gov/loc.gdc/gdclccn.05013860">http://hdl.loc.gov/loc.gdc/gdclccn.05013860</a>
Texto de enlace Versión en línea
Materiales especificados (Library of Congress)
856 4# - LOCALIZACIÓN Y ACCESO ELECTRÓNICOS
Identificador Uniforme de Recursos <a href="https://babel.hathitrust.org/cgi/pt?id=uc1.$b588963&seq=13">https://babel.hathitrust.org/cgi/pt?id=uc1.$b588963&seq=13</a>
Texto de enlace Versión en línea
Materiales especificados (HathiTrust)
942 ## - ELEMENTOS DE ENTRADA SECUNDARIOS (KOHA)
Tipo de ítem Koha Libro impreso antiguo
Suprimir en OPAC No
Holdings
Estatus retirado Estado de pérdida Estado de daño No para préstamo Colección Biblioteca de origen Biblioteca actual Ubicación en estantería Fecha de adquisición Fuente de adquisición Total de préstamos Signatura topográfica completa Código de barras Visto por última vez Precio de reemplazo Tipo de ítem Koha
        Libros del s. XIX Biblioteca del Ateneo de Madrid Biblioteca del Ateneo de Madrid Sala Pecera Planta 3 17/01/2008     G-9106 1044895 23/02/2023 23/02/2023 Libro impreso antiguo